|
|
|
|
| LEADER |
01306nam a2200325Ia 4500 |
| 001 |
EBC511920 |
| 003 |
MiAaPQ |
| 005 |
20200520144314.0 |
| 006 |
m o d | |
| 007 |
cr cn||||||||| |
| 008 |
090311s2009 gw s 000 0 ger d |
| 020 |
|
|
|z 9783110191004
|
| 035 |
|
|
|a (MiAaPQ)EBC511920
|
| 035 |
|
|
|a (Au-PeEL)EBL511920
|
| 035 |
|
|
|a (CaPaEBR)ebr10373617
|
| 035 |
|
|
|a (CaONFJC)MIL271423
|
| 035 |
|
|
|a (OCoLC)624675369
|
| 040 |
|
|
|a MiAaPQ
|c MiAaPQ
|d MiAaPQ
|
| 050 |
|
4 |
|a D13.5.G3
|b A64 2009
|
| 245 |
0 |
4 |
|a Der Anfang vom Ende der Ottonen
|h [electronic resource] :
|b Konstitutionsbedingungen historiographischer Nachrichten in der Chronik Thietmars von Merseburg /
|c von Kerstin Schulmeyer-Ahl.
|
| 260 |
|
|
|a Berlin :
|b Walter de Gruyter,
|c 2009.
|
| 300 |
|
|
|a viii, 463 p.
|
| 490 |
1 |
|
|a Millennium-Studien ;
|v Band 26
|
| 533 |
|
|
|a Electronic reproduction. Ann Arbor, MI : ProQuest, 2015. Available via World Wide Web. Access may be limited to ProQuest affiliated libraries.
|
| 600 |
0 |
0 |
|a Thietmar,
|c von Merseburg, Bishop of Merseburg,
|d 975-1018.
|
| 650 |
|
0 |
|a Historiography
|z Germany.
|
| 655 |
|
4 |
|a Electronic books.
|
| 710 |
2 |
|
|a ProQuest (Firm)
|
| 830 |
|
0 |
|a Millennium-Studien ;
|v Band 26.
|
| 856 |
4 |
0 |
|u https://ebookcentral.proquest.com/lib/matrademy/detail.action?docID=511920
|z Click to View
|